Statistics for Foreign Countries w/Russian troops

Click here to take the quiz!

General Stats

  • This quiz has been taken 224 times
  • The average score is 6 of 8

Answer Stats

TroopsCountry% Correct
26,000Ukraine
96%
850Belarus
88%
UnknownKazakhstan
74%
~4000Armenia
73%
900Azerbaijan
71%
5,500Tajikistan
67%
700Kyrgyzstan
59%
150Syria
58%

Score Distribution

Percentile by Number Answered

Percent of People with Each Score

Your Score History

You have not taken this quiz